[Event "Fortaleza Gadelha Memorial"]
[Site "Fortaleza"]
[Date "2019.08.18"]
[Round "6"]
[White "Dumont, Sadi Glasser"]
[Black "Feijo, Francisco Celio"]
[Result "1-0"]
[WhiteElo "2298"]
[BlackElo "1789"]
[PlyCount "85"]
[EventDate "2019.08.15"]
[EventType "swiss"]
[EventRounds "7"]
[EventCountry "BRA"]
[SourceTitle "CBM 191 Extra"]
[Source "ChessBase"]
[SourceDate "2019.09.30"]
[SourceVersion "1"]
[SourceVersionDate "2019.09.30"]
[SourceQuality "1"]

1. g3 g6 2. Bg2 Bg7 3. c4 Nf6 4. Nc3 c6 5. e4 d6 6. Nge2 Nbd7 7. d3 0-0 8. 0-0 Qc7 9. h3 Nb6 10. a4 a5 11. Be3 Nfd7 12. b3 Nc5 13. d4 Ne6 14. f4 f5 15. e5 dxe5 16. dxe5 Nd7 17. Qe1 Ndc5 18. Qf2 Nd3 19. Qf3 Nec5 20. Rfd1 Rd8 21. Nd4 Rd7 22. Bf1 Qd8 23. Bxd3 Rxd4 24. Bf1 Ne6 25. Bxd4 Nxd4 26. Qf2 c5 27. Nb5 Qb6 28. Nxd4 cxd4 29. Rab1 Be6 30. Qxd4 Qb4 31. c5 Qa3 32. Bc4 Bxc4 33. Qxc4+ Kf8 34. Rbc1 g5 35. Qe6 gxf4 36. gxf4 Qb4 37. Qxf5+ Kg8 38. Qe6+ Kf8 39. Qc4 Qa3 40. Rc2 Bh6 41. Rg2 Bg7 42. f5 Qb4 43. f6 1-0

[Event "Fortaleza Gadelha Memorial"]
[Site "Fortaleza"]
[Date "2019.08.16"]
[Round "3"]
[White "Leite Filho, Newton Crispino"]
[Black "Dumont, Sadi Glasser"]
[Result "0-1"]
[WhiteElo "1907"]
[BlackElo "2298"]
[PlyCount "74"]
[EventDate "2019.08.15"]
[EventType "swiss"]
[EventRounds "7"]
[EventCountry "BRA"]
[SourceTitle "CBM 191 Extra"]
[Source "ChessBase"]
[SourceDate "2019.09.30"]
[SourceVersion "1"]
[SourceVersionDate "2019.09.30"]
[SourceQuality "1"]

1. d4 c5 2. d5 e5 3. e4 d6 4. f4 exf4 5. Bxf4 Ne7 6. Nf3 Ng6 7. Bg3 Be7 8. Bb5+ Bd7 9. Bxd7+ Nxd7 10. Nbd2 0-0 11. c4 Re8 12. 0-0 Qb6 13. Qc2 Bf6 14. Rad1 Re7 15. Rfe1 Rae8 16. b3 Nde5 17. Re2 a6 18. Nxe5 Bxe5 19. Bxe5 Nxe5 20. Nf3 Qd8 21. Rf1 b5 22. Nxe5 Rxe5 23. Rf5 Qe7 24. Rxe5 Qxe5 25. Qd3 f5 26. cxb5 fxe4 27. Qd1 axb5 28. g3 Qd4+ 29. Qxd4 cxd4 30. Kf2 b4 31. Rc2 Kf7 32. Ke1 Re5 33. Rf2+ Ke7 34. h4 Rxd5 35. Rf4 Re5 36. Ke2 d5 37. Rg4 g6 0-1

[Event "Fortaleza Alves memorial 17th"]
[Site "Fortaleza"]
[Date "2013.05.19"]
[Round "5"]
[White "Dumont, Sadi Glasser"]
[Black "Lima Neto, Pedro"]
[Result "1-0"]
[WhiteElo "2315"]
[BlackElo "2060"]
[PlyCount "97"]
[EventDate "2013.05.17"]
[EventType "swiss"]
[EventRounds "6"]
[EventCountry "BRA"]
[SourceTitle "CBM 154 Extra"]
[Source "ChessBase"]
[SourceDate "2013.06.25"]
[SourceVersion "2"]
[SourceVersionDate "2013.06.25"]
[SourceQuality "1"]

1. g3 e5 2. c4 Nf6 3. Bg2 c6 4. b3 d5 5. Bb2 Bd6 6. Nf3 Qe7 7. 0-0 0-0 8. cxd5 cxd5 9. Nc3 Nc6 10. Nb5 Bb4 11. a3 Ba5 12. b4 Bb6 13. d4 exd4 14. Nbxd4 Nxd4 15. Nxd4 Bg4 16. h3 Be6 17. e3 Rac8 18. Rc1 Rxc1 19. Qxc1 Rc8 20. Qa1 Ne8 21. Rc1 Qd7 22. Kh2 Rc7 23. Bf1 a6 24. Rxc7 Qxc7 25. Bd3 Bd7 26. Qb1 h6 27. Nf3 Qc8 28. h4 Bd8 29. Bh7+ Kh8 30. Ne5 Be6 31. Bd3 Bf6 32. Nf3 Bxb2 33. Qxb2 Bf5 34. Be2 Nf6 35. Ne5 Ng4+ 36. Bxg4 Bxg4 37. Nxf7+ Kg8 38. Ne5 Bf5 39. Qd4 Qe6 40. g4 Bb1 41. Kg3 Bc2 42. Qc3 Bd1 43. f3 Ba4 44. h5 Bb5 45. Ng6 Bc6 46. Qe5 Qxe5+ 47. Nxe5 Bb5 48. Kf4 Kf8 49. Ng6+ 1-0

[Event "Joao Pessoa op 4th"]
[Site "Joao Pessoa"]
[Date "2013.03.17"]
[Round "5"]
[White "Dumont, Sadi Glasser"]
[Black "Cavalcanti, Francisco de Assis"]
[Result "1/2-1/2"]
[WhiteElo "2309"]
[BlackElo "2296"]
[PlyCount "75"]
[EventDate "2013.03.15"]
[EventType "swiss"]
[EventRounds "6"]
[EventCountry "BRA"]
[SourceTitle "CBM 153 Extra"]
[Source "ChessBase"]
[SourceDate "2013.04.22"]
[SourceVersion "1"]
[SourceVersionDate "2013.04.22"]
[SourceQuality "1"]

1. c4 Nf6 2. g3 g6 3. Bg2 Bg7 4. Nc3 0-0 5. e4 d6 6. Nge2 Nbd7 7. h3 c6 8. d3 e5 9. Be3 Qe7 10. Rb1 a6 11. 0-0 Re8 12. Qd2 Nf8 13. f4 exf4 14. gxf4 Nh5 15. d4 b5 16. b3 Rb8 17. e5 Bf5 18. Rbe1 Qd7 19. Kh2 f6 20. exd6 Qxd6 21. c5 Qd7 22. d5 b4 23. Na4 cxd5 24. Qxd5+ Qxd5 25. Bxd5+ Kh8 26. Nd4 Bd3 27. Rf2 f5 28. Nc6 Rbc8 29. Ne5 Rxe5 30. fxe5 Bxe5+ 31. Kg2 Rd8 32. Bf3 Bg3 33. c6 Be4 34. Bxe4 fxe4 35. Bb6 Rc8 36. c7 Bxf2 37. Kxf2 Nd7 38. Ba5 1/2-1/2

[Event "Rio de Janeiro-ch op"]
[Site "Rio de Janeiro"]
[Date "2011.07.16"]
[Round "4"]
[White "Dumont, Sadi Glasser"]
[Black "Dos Santos, Haroldo Cunha Jr"]
[Result "0-1"]
[WhiteElo "2317"]
[BlackElo "2224"]
[PlyCount "76"]
[EventDate "2011.07.15"]
[EventType "swiss"]
[EventRounds "6"]
[EventCountry "BRA"]
[SourceTitle "CBM 143 Extra"]
[Source "ChessBase"]
[SourceDate "2011.08.29"]
[SourceVersion "1"]
[SourceVersionDate "2011.08.29"]
[SourceQuality "1"]

1. g3 d5 2. Bg2 c5 3. c4 Nf6 4. cxd5 Nxd5 5. Nc3 Nc7 6. Nf3 Nc6 7. 0-0 g6 8. d3 Bg7 9. Qa4 Bd7 10. Qh4 h6 11. Be3 Ne6 12. Rfc1 g5 13. Qc4 b6 14. Qb3 0-0 15. h4 g4 16. Nh2 h5 17. Qd5 f5 18. a3 Rc8 19. Nf1 Rf7 20. Qa2 Nc7 21. Bf4 e5 22. Bg5 Qe8 23. Nd5 Be6 24. Nxc7 Rcxc7 25. Bd5 Bxd5 26. Qxd5 Nd4 27. Re1 Nc2 28. Ne3 Nxe1 29. Rxe1 Qc6 30. Qa2 Kh7 31. Nd5 Qe6 32. e4 fxe4 33. dxe4 Rc8 34. Qc4 Rcf8 35. Re2 Rf3 36. Rd2 Qf7 37. Qc2 Rxg3+ 38. fxg3 Qf1+ 0-1

[Event "Rio de Janeiro IRT op"]
[Site "Rio de Janeiro"]
[Date "2010.04.14"]
[Round "1"]
[White "Dumont, Sadi Glasser"]
[Black "Deus Filho, Joaquim"]
[Result "1-0"]
[WhiteElo "2324"]
[BlackElo "2037"]
[PlyCount "49"]
[EventDate "2010.04.14"]
[EventType "swiss"]
[EventRounds "6"]
[EventCountry "BRA"]
[SourceTitle "EXT 2012"]
[Source "ChessBase"]
[SourceDate "2011.11.24"]
[SourceVersion "1"]
[SourceVersionDate "2011.11.24"]
[SourceQuality "1"]

1. Nf3 c5 2. g3 d5 3. c4 d4 4. b4 Nc6 5. b5 Nb8 6. Bg2 a6 7. d3 axb5 8. cxb5 Nd7 9. 0-0 g6 10. a4 Bg7 11. Ra2 Nh6 12. e3 Nf5 13. exd4 Nxd4 14. Nxd4 cxd4 15. Ba3 0-0 16. Re1 Re8 17. Nd2 Nb6 18. Bc5 Nd5 19. Ra1 Be6 20. Rxe6 fxe6 21. Qg4 Qd7 22. Nc4 Rac8 23. Ba3 Rxc4 24. dxc4 d3 25. Bxd5 1-0

[Event "Rio de Janeiro IRT Alex 35th"]
[Site "Rio de Janeiro"]
[Date "2009.12.20"]
[Round "6"]
[White "Ferreira, Kleber Victor"]
[Black "Dumont, Sadi Glasser"]
[Result "0-1"]
[WhiteElo "2112"]
[BlackElo "2321"]
[PlyCount "70"]
[EventDate "2009.12.16"]
[EventType "swiss"]
[EventRounds "6"]
[EventCountry "BRA"]
[SourceTitle "CBM 133 Extra"]
[Source "ChessBase"]
[SourceDate "2010.01.05"]
[SourceVersion "1"]
[SourceVersionDate "2010.01.05"]
[SourceQuality "1"]

1. e4 c5 2. Nc3 Nc6 3. Bb5 g6 4. Bxc6 dxc6 5. d3 Bg7 6. f4 c4 7. Nf3 cxd3 8. cxd3 Qb6 9. h3 Nf6 10. d4 Be6 11. 0-0 Rd8 12. Kh2 h5 13. Kh1 h4 14. Rf2 Nh5 15. Na4 Qc7 16. e5 Ng3+ 17. Kh2 Nf5 18. Nc5 Bd5 19. Nb3 a5 20. Qd3 Bxf3 21. Qxf3 a4 22. Nc5 Nxd4 23. Qe4 Qb6 24. Nxa4 Qa7 25. Nc3 Nf5 26. Qf3 Rd3 27. Qe2 0-0 28. Bd2 Rfd8 29. Rd1 Ng3 30. Qe1 e6 31. a3 Bf8 32. f5 Bc5 33. Rf4 Rxd2 34. f6 Rxd1 35. Nxd1 Bg1+ 0-1

[Event "Rio de Janeiro IRT Alex 35th"]
[Site "Rio de Janeiro"]
[Date "2009.12.19"]
[Round "4"]
[White "Guimaraes, Wagner Peixoto"]
[Black "Dumont, Sadi Glasser"]
[Result "1/2-1/2"]
[WhiteElo "2265"]
[BlackElo "2321"]
[PlyCount "22"]
[EventDate "2009.12.16"]
[EventType "swiss"]
[EventRounds "6"]
[EventCountry "BRA"]
[SourceTitle "CBM 133 Extra"]
[Source "ChessBase"]
[SourceDate "2010.01.05"]
[SourceVersion "1"]
[SourceVersionDate "2010.01.05"]
[SourceQuality "1"]

1. e4 c5 2. Nf3 e6 3. d4 cxd4 4. Nxd4 a6 5. Nc3 b5 6. Bd3 Qb6 7. Nf3 Qc7 8. 0-0 b4 9. Nb1 Nc6 10. a3 Nf6 11. axb4 Nxb4 1/2-1/2

[Event "Paulista Interclub-chT"]
[Site "Sao Paolo"]
[Date "2009.03.01"]
[Round "3"]
[White "Da Mata, Luiz Carlos"]
[Black "Dumont, Sadi Glasser"]
[Result "1/2-1/2"]
[WhiteElo "2079"]
[BlackElo "2321"]
[PlyCount "81"]
[EventDate "2009.02.28"]
[EventType "team-tourn"]
[EventRounds "7"]
[EventCountry "BRA"]
[SourceTitle "CBM 129 Extra"]
[Source "ChessBase"]
[SourceDate "2009.05.05"]
[SourceVersion "2"]
[SourceVersionDate "2009.05.20"]
[SourceQuality "1"]

1. e4 d5 2. exd5 Nf6 3. d4 Nxd5 4. c4 Nb6 5. c5 Nd5 6. Nc3 Nxc3 7. bxc3 g6 8. Bc4 Bg7 9. Nf3 0-0 10. 0-0 Nc6 11. Bg5 Na5 12. Bd3 Be6 13. Qe2 b6 14. cxb6 cxb6 15. Rac1 Re8 16. Rfd1 Rc8 17. c4 Bg4 18. d5 Bxf3 19. Qxf3 Nb7 20. h3 Qd7 21. Re1 Nc5 22. Bc2 e5 23. dxe6 Nxe6 24. Be3 Rxc4 25. Bb3 Rxc1 26. Bxc1 h6 27. Ba3 Ng5 28. Rxe8+ Qxe8 29. Qd3 Qe1+ 30. Qf1 Qe5 31. h4 Ne4 32. g3 Qd4 33. Kg2 Nd2 34. Qd1 Nxb3 35. Qxb3 Qc3 36. Qa4 b5 37. Qxa7 Qc6+ 38. Kh2 Qc4 39. Bc5 h5 40. a3 Be5 41. Qe7 1/2-1/2

[Event "Paulista Interclub-chT"]
[Site "Sao Paolo"]
[Date "2009.02.28"]
[Round "2"]
[White "Dumont, Sadi Glasser"]
[Black "Costa, Giovanni de Almeida"]
[Result "1-0"]
[WhiteElo "2321"]
[BlackElo "1940"]
[PlyCount "68"]
[EventDate "2009.02.28"]
[EventType "team-tourn"]
[EventRounds "7"]
[EventCountry "BRA"]
[SourceTitle "CBM 129 Extra"]
[Source "ChessBase"]
[SourceDate "2009.05.05"]
[SourceVersion "2"]
[SourceVersionDate "2009.05.20"]
[SourceQuality "1"]

1. e4 c6 2. d4 d5 3. e5 Bf5 4. Nf3 e6 5. c4 Bxb1 6. Rxb1 Bb4+ 7. Bd2 Qa5 8. a3 Bxd2+ 9. Nxd2 Ne7 10. Bd3 Nd7 11. 0-0 Rc8 12. c5 b5 13. b4 Qxa3 14. Qc2 Qa6 15. Ra1 Qb7 16. f4 g6 17. Nf3 Nf5 18. Qf2 Ra8 19. g4 Ne7 20. Qh4 Nf8 21. Kh1 Ng8 22. f5 Qd7 23. f6 Qd8 24. Ra6 Qc8 25. Rfa1 Qb7 26. Qe1 Nd7 27. h3 Qc7 28. Kg2 Nb8 29. R6a5 a6 30. Qe3 h6 31. Rh1 Nd7 32. h4 Ngxf6 33. exf6 Nxf6 34. Qe5 Qe7 1-0

[Event "Rio de Janeiro Masters op"]
[Site "Rio de Janeiro"]
[Date "2006.05.13"]
[Round "2"]
[White "Dumont, Sadi Glasser"]
[Black "Rego, Vinicius Vilela"]
[Result "1-0"]
[WhiteElo "2332"]
[BlackElo "2158"]
[PlyCount "55"]
[EventDate "2006.05.13"]
[EventType "swiss"]
[EventRounds "7"]
[EventCountry "BRA"]
[SourceTitle "EXT 2007"]
[Source "ChessBase"]
[SourceDate "2006.11.23"]
[SourceVersion "1"]
[SourceVersionDate "2006.11.23"]
[SourceQuality "1"]

1. e4 d6 2. Nc3 Nf6 3. f4 g6 4. Nf3 c5 5. g3 Bg7 6. d3 Nc6 7. Bg2 0-0 8. 0-0 Ne8 9. h3 Nc7 10. Be3 Rb8 11. d4 cxd4 12. Nxd4 Nxd4 13. Bxd4 Bxd4+ 14. Qxd4 b6 15. f5 Ba6 16. Rf2 Qd7 17. Rd1 Rbd8 18. Qe3 Qc6 19. Qh6 Qc5 20. Rd5 Qb4 21. Kh2 Qxb2 22. f6 exf6 23. Rh5 gxh5 24. e5 Bd3 25. exf6 Ne8 26. Nd5 Nxf6 27. Nxf6+ Qxf6 28. Qxf6 1-0

[Event "Rio de Janeiro-ch Absoluto"]
[Site "Rio de Janeiro"]
[Date "2006.01.15"]
[Round "6"]
[White "Campos, Alexandre Ferreira"]
[Black "Dumont, Sadi Glasser"]
[Result "0-1"]
[WhiteElo "2132"]
[BlackElo "2325"]
[PlyCount "79"]
[EventDate "2006.01.07"]
[EventType "swiss"]
[EventRounds "7"]
[EventCountry "BRA"]
[SourceTitle "EXT 2007"]
[Source "ChessBase"]
[SourceDate "2006.11.23"]
[SourceVersion "1"]
[SourceVersionDate "2006.11.23"]
[SourceQuality "1"]

1. c4 c5 2. g3 g6 3. Bg2 Bg7 4. e3 Nf6 5. Nc3 0-0 6. Nge2 Nc6 7. d4 d6 8. 0-0 Bf5 9. d5 Na5 10. e4 Bd7 11. Qd3 a6 12. f4 b5 13. cxb5 axb5 14. e5 dxe5 15. fxe5 Ng4 16. e6 fxe6 17. dxe6 Rxf1+ 18. Kxf1 Bxe6 19. Qe4 Ra6 20. Bf4 Bf5 21. Qd5+ Qxd5 22. Bxd5+ e6 23. h3 exd5 24. hxg4 Bxg4 25. Nxd5 Bxb2 26. Rd1 Nc4 27. Nc7 Rxa2 28. Rd8+ Kf7 29. Rb8 Be5 30. Nc1 Rc2 31. Nb3 Bxf4 32. gxf4 Ne3+ 33. Kg1 Rg2+ 34. Kh1 Bf3 35. Ne6 Re2+ 36. Kg1 Kxe6 37. f5+ Ke5 38. Re8+ Kf4 39. Nxc5 Rg2+ 40. Kh1 0-1

[Event "Rio de Janeiro-ch Absoluto"]
[Site "Rio de Janeiro"]
[Date "2006.01.15"]
[Round "7"]
[White "Dumont, Sadi Glasser"]
[Black "Guimaraes, Wagner Peixoto"]
[Result "1/2-1/2"]
[WhiteElo "2325"]
[BlackElo "2246"]
[PlyCount "25"]
[EventDate "2006.01.07"]
[EventType "swiss"]
[EventRounds "7"]
[EventCountry "BRA"]
[SourceTitle "EXT 2007"]
[Source "ChessBase"]
[SourceDate "2006.11.23"]
[SourceVersion "1"]
[SourceVersionDate "2006.11.23"]
[SourceQuality "1"]

1. e4 e6 2. d3 d5 3. Nd2 Nf6 4. Ngf3 b6 5. c3 Bb7 6. Qc2 dxe4 7. dxe4 Nbd7 8. Be2 Be7 9. 0-0 0-0 10. Re1 a5 11. h3 Nh5 12. Nf1 Qc8 13. Rb1 1/2-1/2

[Event "Rio de Janeiro-ch Absoluto"]
[Site "Rio de Janeiro"]
[Date "2006.01.14"]
[Round "5"]
[White "Rosa, Carlos Roberto"]
[Black "Dumont, Sadi Glasser"]
[Result "1/2-1/2"]
[WhiteElo "2213"]
[BlackElo "2325"]
[PlyCount "82"]
[EventDate "2006.01.07"]
[EventType "swiss"]
[EventRounds "7"]
[EventCountry "BRA"]
[SourceTitle "EXT 2007"]
[Source "ChessBase"]
[SourceDate "2006.11.23"]
[SourceVersion "1"]
[SourceVersionDate "2006.11.23"]
[SourceQuality "1"]

1. e4 c5 2. Nf3 e6 3. d4 cxd4 4. Nxd4 a6 5. c4 Nf6 6. Nc3 Qc7 7. a3 Nc6 8. Be3 Ne5 9. Be2 h5 10. h3 Ng6 11. Qd2 b6 12. Rc1 Bb7 13. f3 h4 14. 0-0 Bd6 15. Bd3 Bh2+ 16. Kh1 Nh5 17. Nce2 Bf4 18. Bxf4 Ngxf4 19. Rfd1 Ng3+ 20. Nxg3 hxg3 21. Bf1 g5 22. Ne2 Nxe2 23. Qxe2 Qe5 24. Qd2 Bc6 25. Qd4 Qxd4 26. Rxd4 e5 27. Rd2 Ke7 28. Bd3 Rh6 29. Kg1 Rf6 30. Kf1 a5 31. b3 Rh8 32. Ke2 d6 33. Ke3 Bd7 34. Ra1 Ra8 35. Rda2 Be6 36. Rb2 Rh6 37. Rd1 Rhh8 38. Be2 Rhc8 39. a4 Rc6 40. Rbd2 Rh8 41. Bd3 Rh4 1/2-1/2

[Event "BRA-ch"]
[Site "Rio de Janeiro"]
[Date "2004.03.02"]
[Round "8"]
[White "Dumont, Sadi Glasser"]
[Black "Fucs, Paulo Moses"]
[Result "1-0"]
[WhiteElo "2341"]
[BlackElo "2152"]
[PlyCount "85"]
[EventDate "2004.02.26"]
[EventType "swiss"]
[EventRounds "9"]
[EventCountry "BRA"]
[SourceTitle "CBM 099 Extra"]
[Source "ChessBase"]
[SourceDate "2004.05.04"]
[SourceVersion "1"]
[SourceVersionDate "2004.05.04"]
[SourceQuality "1"]

1. e4 c5 2. Nf3 Nc6 3. Bb5 a6 4. Bxc6 dxc6 5. d3 Bg4 6. Be3 e6 7. Nbd2 Nf6 8. h3 Bh5 9. a4 a5 10. g4 Bg6 11. Ne5 Nd7 12. Nxd7 Qxd7 13. f4 f6 14. Qe2 Be7 15. Nc4 Qc7 16. Qf2 0-0 17. 0-0 b6 18. Rae1 Bf7 19. e5 Kh8 20. Bd2 b5 21. Na3 b4 22. Nc4 Rad8 23. b3 Rd5 24. Bc1 Bg8 25. Bb2 f5 26. g5 Bf7 27. Qf3 Kg8 28. h4 Rfd8 29. h5 Be8 30. Rf2 Bd7 31. Rfe2 Bc8 32. h6 g6 33. Qf2 Ba6 34. Nd6 Rd7 35. Ne8 Qd8 36. Nf6+ Kh8 37. Qg3 Rxd3 38. cxd3 Rxd3 39. Qg2 Rxb3 40. Rd2 Rd3 41. Red1 c4 42. Rxd3 cxd3 43. Qxc6 1-0

[Event "BRA-ch"]
[Site "Rio de Janeiro"]
[Date "2004.02.28"]
[Round "4"]
[White "Dumont, Sadi Glasser"]
[Black "Limp, Eduardo Thelio"]
[Result "0-1"]
[WhiteElo "2341"]
[BlackElo "2401"]
[PlyCount "57"]
[EventDate "2004.02.26"]
[EventType "swiss"]
[EventRounds "9"]
[EventCountry "BRA"]
[SourceTitle "CBM 099 Extra"]
[Source "ChessBase"]
[SourceDate "2004.05.04"]
[SourceVersion "1"]
[SourceVersionDate "2004.05.04"]
[SourceQuality "1"]

1. e4 c5 2. Nf3 d6 3. Bb5+ Bd7 4. Bxd7+ Qxd7 5. c4 Nc6 6. Nc3 g6 7. d4 cxd4 8. Nxd4 Bg7 9. Nde2 Nf6 10. 0-0 0-0 11. f3 Rfc8 12. Be3 Qd8 13. Rb1 Ne5 14. b3 Qa5 15. Qd2 a6 16. a4 Qb4 17. Rfd1 Nfd7 18. Nd5 Qxd2 19. Rxd2 Kf8 20. a5 Nc6 21. Nb6 Nxb6 22. Bxb6 Nb8 23. c5 dxc5 24. Bxc5 Bf6 25. f4 Rxc5 26. Rd8+ Kg7 27. g4 Rc2 28. Kf1 Rxe2 29. Kxe2 0-1

[Event "BRA-ch"]
[Site "Rio de Janeiro"]
[Date "2004.02.27"]
[Round "2"]
[White "Dumont, Sadi Glasser"]
[Black "Rocha Jorge, Wilson M"]
[Result "1/2-1/2"]
[WhiteElo "2341"]
[BlackElo "2255"]
[PlyCount "59"]
[EventDate "2004.02.26"]
[EventType "swiss"]
[EventRounds "9"]
[EventCountry "BRA"]
[SourceTitle "CBM 099 Extra"]
[Source "ChessBase"]
[SourceDate "2004.05.04"]
[SourceVersion "1"]
[SourceVersionDate "2004.05.04"]
[SourceQuality "1"]

1. e4 c5 2. Nf3 Nc6 3. Bb5 Qb6 4. Nc3 g6 5. 0-0 Bg7 6. a4 Nf6 7. Re1 0-0 8. h3 d6 9. Bxc6 bxc6 10. a5 Qc7 11. e5 Nd7 12. exd6 exd6 13. d4 d5 14. Bg5 cxd4 15. Nxd4 Qb7 16. Nb3 Ne5 17. a6 Qd7 18. Nc5 Qc7 19. Bf4 f6 20. b4 Rb8 21. Ra4 Re8 22. Bg3 Bf5 23. Ne2 Bf8 24. Nb7 Bc8 25. b5 cxb5 26. Qxd5+ Kh8 27. Qxb5 Bd7 28. Qa5 Qxa5 29. Rxa5 Bb4 30. Raa1 1/2-1/2